Shaykh Mufid
| Main Author: | |
|---|---|
| Format: | Book |
| Published: |
England :
Oneworld Publications ,
2006
|
| Series: | Makers of the Muslim world
|
| Subjects: |
MARC
| LEADER | 00000cam a2200000 7i4500 | ||
|---|---|---|---|
| 001 | 0000018280 | ||
| 005 | 20080609.0 | ||
| 008 | 080604 | ||
| 020 | |a 1851683836 | ||
| 090 | 0 | 0 | |a 297.61 |b DAO |
| 100 | 1 | |a Bayhom-Daou, Tamima | |
| 245 | 1 | 4 | |a Shaykh Mufid |c Tamima Bayhom-Daou |
| 260 | |a England : |b Oneworld Publications , |c 2006 | ||
| 440 | |a Makers of the Muslim world | ||
| 650 | 0 | |a Islamic sects | |
| 650 | 0 | |a Muslim | |
| 999 | |a 0001019188 |b Book |c Adult Collection |e Perbadanan Perpustakaan Awam Johor | ||
| 999 | |a 0001020910 |b Book |c Adult Collection |e Cawangan Pontian | ||